| 000 | 01145nam0a22002771 4500 | ||
|---|---|---|---|
| 001 | v19\rc\1598849 | ||
| 005 | 20260407144654.0 | ||
| 035 | _a(NLR Aleph) 004721657 | ||
| 090 |
_a4341013 _c4341013 |
||
| 100 | _a20061002d1896 u y0rusy50 ca | ||
| 101 | 0 | _arus | |
| 102 | _aRU | ||
| 105 | _ay z ||||| | ||
| 200 | 1 |
_aСписок экспонатам Александрийской земской управы Херсонской губернии _fВсерос. пром. и худож. выст. 1896 г. в Н. Новгороде |
|
| 210 |
_a[Александрия _d1896] |
||
| 215 |
_a28 с. _d23 |
||
| 309 | _aБез тит. л. и обл. | ||
| 710 | 0 | 2 |
_aАлександрийская уездная земская управа _3RU\NLR\AUTH\889993146 _9482758 |
| 712 | 1 | 2 |
_aВсероссийская промышленная и художественная выставка _d16 _f1896 _eНижний Новгород _3RU\NLR\AUTH\8810020303 _9538602 |
| 801 | 0 |
_aRU _bNLR _gpsbo |
|
| 801 | 0 |
_aRU _bRuMoRGB _2psbo |
|
| 801 | 1 |
_aRU _bProSoft-M _2rusmarc |
|
| 852 |
_aNLR _bЗем _j45-2/34 |
||
| 899 | _aRuMoRGB | ||
| 942 | _cBOOK | ||
| 980 | _aNB | ||